Játszani... kell. A tréfás nyelvi kapcsolatokról - antropológiai megközelítésben
Elmentve itt :
| Szerző: | |
|---|---|
| Adatforrás: | Philobibl |
| Forrásdokumentuma: | Korunk Évkönyv, 1988 177-191. p. |
| Dokumentumtípus: | Cikk |
| Nyelv: | magyar |
| Kulcsszavak: | filozófiai antropológia |
| LEADER | 00381nab a2200109 c 4500 | ||
|---|---|---|---|
| 001 | bibDOK00014543 | ||
| 005 | 20200924120936.7 | ||
| 008 | 060518s1988 hu hun | ||
| 100 | 1 | |a Bíró Zoltán | |
| 245 | 1 | 0 | |a Játszani... kell. A tréfás nyelvi kapcsolatokról - antropológiai megközelítésben |c Bíró Zoltán |
| 695 | |a filozófiai antropológia | ||
| 773 | 0 | |t Korunk Évkönyv, 1988 |g 177-191. p. | |